Matematické modelovanie reprodukčného procesu chovu hovädzieho dobytka kandidátska dizertačná práca VŠE. Fakulta prevádzkovo-ekon.

Na minha lista:
Detalhes bibliográficos
Autor principal: Šimková, Magdaléna
Outros Autores: Pitel, J.
Formato: Livro
Idioma:eslovaco
Publicado em: Nitra 1984
Tags: Adicionar Tag
Sem tags, seja o primeiro a adicionar uma tag!

MARC

LEADER 00000nam a2200000 4500
001 c107358
005 20230116084955.9
041 0 |a slo 
044 |a SK 
245 1 0 |a Matematické modelovanie reprodukčného procesu chovu hovädzieho dobytka  |b kandidátska dizertačná práca VŠE. Fakulta prevádzkovo-ekon.  |c Magdaléna Simková ; Ved. J. Pitel 
264 1 |a Nitra  |c 1984 
300 |a 172 s. 
100 1 |a Šimková, Magdaléna 
700 1 |a Pitel, J.